Le commerce électronique comme un outil commercial de l’entreprise diplomová práca

Gespeichert in:
Bibliographische Detailangaben
1. Verfasser: Alitanou, Senannou Benjamin Joel
Körperschaft: Obchodná fakulta EU. Katedra marketingu
Weitere Verfasser: Kita, Pavol
Format: Buch
Sprache:Französisch
Veröffentlicht: Bratislava 2020
Tags: Tag hinzufügen
Keine Tags, Fügen Sie das erste Tag hinzu!

MARC

LEADER 00000nbm a2200000 4500
001 0266621
005 20220408092838.4
041 0 |a fre 
044 |a SK 
245 1 0 |a Le commerce électronique comme un outil commercial de l’entreprise  |b diplomová práca  |c Senannou Benjamin Joel Alitanou ; školiteľ: Pavol Kita 
264 1 |a Bratislava  |c 2020 
300 |a 67 s. 
100 1 |a Alitanou, Senannou Benjamin Joel 
700 1 |a Kita, Pavol 
710 2 |a Obchodná fakulta EU. Katedra marketingu